Statistics for Krais of Russia

Click here to take the quiz!

General Stats

  • This quiz has been taken 32 times
  • The average score is 6 of 9

Answer Stats

Answer% Correct
Altai
82%
Primorsky
82%
Kamchatka
76%
Krasnoyarsk
76%
Zabaykalsky
76%
Krasnodar
71%
Khabarovsk
65%
Stavropol
65%
Perm
53%

Score Distribution

Percentile by Number Answered

Percent of People with Each Score

Your Score History

You have not taken this quiz